<?xml version="1.0" encoding="UTF-8"?>
<record
    xmlns:xsi="http://www.w3.org/2001/XMLSchema-instance"
    xsi:schemaLocation="http://www.loc.gov/MARC21/slim http://www.loc.gov/standards/marcxml/schema/MARC21slim.xsd"
    xmlns="http://www.loc.gov/MARC21/slim">

  <leader>01608nam a22002657a 4500</leader>
  <datafield tag="952" ind1=" " ind2=" ">
    <subfield code="0">0</subfield>
    <subfield code="1">0</subfield>
    <subfield code="4">0</subfield>
    <subfield code="7">0</subfield>
    <subfield code="a">03</subfield>
    <subfield code="b">03</subfield>
    <subfield code="d">2017-10-18</subfield>
    <subfield code="l">0</subfield>
    <subfield code="o">Q175  B3318 1991</subfield>
    <subfield code="p">03 009642</subfield>
    <subfield code="r">2017-10-18</subfield>
    <subfield code="t">1</subfield>
    <subfield code="w">2017-10-18</subfield>
    <subfield code="y">LB</subfield>
  </datafield>
  <datafield tag="999" ind1=" " ind2=" ">
    <subfield code="c">102593</subfield>
    <subfield code="d">102593</subfield>
  </datafield>
  <controlfield tag="008">121028s1991    mx            001 0 spa d</controlfield>
  <datafield tag="020" ind1=" " ind2=" ">
    <subfield code="a">9789682317316</subfield>
  </datafield>
  <datafield tag="050" ind1=" " ind2=" ">
    <subfield code="a">Q175 </subfield>
    <subfield code="b">B3318 1991</subfield>
  </datafield>
  <datafield tag="100" ind1="1" ind2=" ">
    <subfield code="a">Bachelard, Gaston</subfield>
    <subfield code="d">, 1884-1962</subfield>
    <subfield code="e">autor</subfield>
  </datafield>
  <datafield tag="240" ind1=" " ind2=" ">
    <subfield code="a">la formation de l&#xB4;esprit scientifique</subfield>
    <subfield code="l">espa&#xF1;ol</subfield>
  </datafield>
  <datafield tag="245" ind1="1" ind2="3">
    <subfield code="a">La formaci&#xF3;n del esp&#xED;ritu cient&#xED;fico </subfield>
    <subfield code="c"> / Gaston Bachelard , traducci&#xF3;n de Jos&#xE9; Babini</subfield>
  </datafield>
  <datafield tag="250" ind1=" " ind2=" ">
    <subfield code="a">2a. edici&#xF3;n</subfield>
  </datafield>
  <datafield tag="260" ind1=" " ind2=" ">
    <subfield code="a">M&#xE9;xico </subfield>
    <subfield code="b"> : Siglo Ventiuno</subfield>
    <subfield code="c">, 1991</subfield>
  </datafield>
  <datafield tag="300" ind1=" " ind2=" ">
    <subfield code="a">302 p&#xE1;ginas</subfield>
  </datafield>
  <datafield tag="490" ind1=" " ind2=" ">
    <subfield code="a">Teor&#xED;a</subfield>
  </datafield>
  <datafield tag="500" ind1=" " ind2=" ">
    <subfield code="a">En portada: La formaci&#xF3;n del esp&#xED;titu cient&#xED;fico : contribuci&#xF3;n a un psicoan&#xE1;lisis del conocimiento objetivo
</subfield>
  </datafield>
  <datafield tag="500" ind1=" " ind2=" ">
    <subfield code="a">Reimpresi&#xF3;nes: 12a. del 2013</subfield>
  </datafield>
  <datafield tag="505" ind1=" " ind2=" ">
    <subfield code="a">La noci&#xF3;n del obst&#xE1;culo epistemol&#xF3;gico. Plan de la obra
El primer obst&#xE1;culo: la experiencia b&#xE1;sica
El conocimiento general como obst&#xE1;culo para el conocimiento cient&#xED;fico
Un ejemplo de obst&#xE1;culo verbal: la esponja. Extensi&#xF3;n abusiva de las de las imagenes familiares
El conocimiento unitario y pr&#xE1;gmatico como obstaculo para el conocimiento cient&#xED;fico
El obstaculo sustancialista
Psicoan&#xE1;lisis del realista
El obstaculo animista
El mito de la digesti&#xF3;n
Libido y conocimiento objetivo
Los onst&#xE1;culos del conociemiento cuantitativo
Objetividad cient&#xED;fica y psicoan&#xE1;lisis  </subfield>
  </datafield>
  <datafield tag="519" ind1=" " ind2=" ">
    <subfield code="a">Educaci&#xF3;n Mixta /</subfield>
    <subfield code="b">Criminal&#xED;stica / </subfield>
    <subfield code="c">Metodolog&#xED;a de la Investigaci&#xF3;nes (M01-1) /</subfield>
    <subfield code="d">(03 009642)</subfield>
  </datafield>
  <datafield tag="650" ind1="1" ind2="4">
    <subfield code="a">PSICOANALISIS </subfield>
  </datafield>
  <datafield tag="650" ind1="2" ind2="4">
    <subfield code="a">TEOR&#xCD;A DEL CONOCIMIENTO</subfield>
  </datafield>
  <datafield tag="650" ind1="2" ind2="4">
    <subfield code="a">CIENCIA</subfield>
    <subfield code="x">METODOLOG&#xCD;A</subfield>
  </datafield>
  <datafield tag="700" ind1=" " ind2=" ">
    <subfield code="a">Babini, Jos&#xE9;</subfield>
    <subfield code="d">, 1897-</subfield>
    <subfield code="e">traductor</subfield>
  </datafield>
  <datafield tag="942" ind1=" " ind2=" ">
    <subfield code="c">LB</subfield>
  </datafield>
</record>
